000 00413nam a2200169Ia 4500
008 230711s9999||||xx |||||||||||||| ||und||
020 _a978-81-265-3090-8
041 _aENG
082 _a620.03
_bNA-M
100 _aNag,Debarata
245 0 _aMechanical Vibrations
250 _a1st Ed.
260 _c2012
_aNew Delhi
_bWiley India Pvt.Ltd
300 _a658p.
650 _aMechanical Engineering
942 _cBK
999 _c6669
_d6669